000 00663nam a2200193 a 4500
001 000028437
005 20200930054937.0
008 110408s2010 dr 000 | spa d
040 _aDO-SdBNP
_bspa
_cBNPHU
082 _axxx
_bM672j
100 1 _aMiranda Estrampes, Manuel
_927187
245 1 0 _aJuicio y estrategia probatoria del Ministerio Público /
_cManuel Miranda Estrampes.
260 _aSanto Domingo :
_bEscuela Nacional del Ministerio Público,
_c2010.
300 _a110 p. ;
_c28 cm.
490 1 _aManuales de capacitación ENMP
500 _aIncluye notas al pie de las páginas.
830 0 _aManuales de capacitación ENMP
_955383
049 _aBNPD
999 _c27929
_d27929